000 01163nam a22002177a 4500
005 2012012509219.0
020 _c395.00
_a
035 _aB-153688
037 _a
_bUBH/VEN
082 _a000
100 _aलाल एवं जैन
_940122
245 _aउपकार स्पेशल क्लास रेलवे अप्रेन्टिस परीक्षा /
_cलाल एवं जैन
260 _aआगरा
_bउपकार प्रकाशन
_c2007
270 _a2/11 ए, स्वदेशी बीमा नगर (शाह सिनेमा के सामने)
_bआगरा
_e282002
300 _aवि. पृ.
_c24सेमी.(अजिल्द)
500 _aएन.सी.ई.आर.टी.द्वारा संचालित
700 _aजैन, टी. एस.
_940120
942 _2ddc
_cHN
_mलालए
_h000
999 _c61466
_d61466